Di mana DIA di hatiku? /

Bibliographic Details
Main Author: Pahrol Mohd. Juoi, Ustaz, 1961-
Format: Book
Language:Malay
Subjects:
LEADER 01111cam a2200349 7i4500
001 0000036466
005 20240731090000.0
005 ##20151104143500.0
003 ##MY-KlINT
008 240628t2010 my a g # 0 may#d
020 # # |a 978967860353  
039 # 9 |y 201511041435  |z VLOAD 
040 # # |a INTIM 
041 # # |a may 
082 0 # |a 297.57 
090 0 0 |a 297.57   |b PAH 
100 0 # |a Pahrol Mohd. Juoi,   |c Ustaz,   |d 1961- 
245 1 0 |a Di mana DIA di hatiku? /   |c Pahrol Mohd Juoi. 
264 # 0 |a Shah Alam,Selangor  |b KARYA BESTARI SDN.BHD  |c 2010 
300 # # |a 304pages;   |c 22cm. 
336 # # |a text  |2 rdacontent 
337 # # |a unmediated  |2 rdamedia 
338 # # |a volume  |2 rdacarrier 
599 # # |a LULUS 
650 1 0 |a Islam --   |x Customs and practices  
650 2 0 |a Muslims --   |x Conduct of life  
996 # # |a INTIM1.out 
997 # # |a INTIM 
998 # # |a 0000009487 1000075249 400010326 400010327 
999 |a 1000075249  |b BOOK  |c Main Non-Fiction  |e INTAN Bukit Kiara 
999 |a 400010326  |b BOOK  |c Main Non-Fiction  |e INTAN Kampus Wilayah Timur 
999 |a 400010327  |b BOOK  |c Main Non-Fiction  |e INTAN Kampus Wilayah Timur